000 nkm a22 a 4500
999 _c346172
_d346172
003 BLK
005 20191024160127.0
008 191024b bu ||||| |||| 00| 0 bu d
040 _aBLK
041 _aBUL
_cBUL
080 _aФотография на човек, тяло, лице, портрет. Битов жанр
_b77.041
245 _aСемейство Петър Арнаудов
_b[Снимка]
300 _c12 Х 18 см
380 _a7
490 _9396381
_aЧастна колекция - Академик Михаил Арнаудов
_gДарение - Основен фонд
505 _tСнимка - оригинал, направена в градина. Седнали - бащата на Михаил Арнаудов - Петър с вестник на коленете и Михаил Арнаудов. Прави - брат му Димитър и сестра му Мария, поставила ръка на рамото на баща си. 1906 г.
852 _aМА 5054
942 _2udc
_cPHO
_n0
_s1
999 _d346172